|
|
|
|
| LEADER |
00000nas a2200000 a 4500 |
| 001 |
ssj0013139 |
| 003 |
WaSeSS |
| 005 |
20200512172242.0 |
| 006 |
m d |
| 007 |
cr n |
| 008 |
990715c19679999enkqr pss o 0 a0eng c |
| 010 |
|
|
|a 00238767
|
| 015 |
|
|
|a GBB404962
|2 bnb
|
| 016 |
7 |
|
|a 1466472-0
|2 DE-600
|
| 016 |
7 |
|
|a 011458573
|2 Uk
|
| 022 |
|
|
|a 1469-5154
|l 0021-8758
|y 0021-8758
|
| 035 |
|
|
|a (WaSeSS)ssj0013139
|
| 037 |
|
|
|b Cambridge University Press, The Edinburgh Building, Shaftesbury Road, Cambridge CB2 2RU, United Kingdom
|
| 040 |
|
|
|a IRU
|b eng
|c IRU
|d IUL
|d OCLCQ
|d F#A
|d OCLCQ
|d UQ1
|d EYM
|d HLS
|d GUA
|d OCLCQ
|d OCLCF
|d OCLCO
|d VT2
|d OCLCQ
|d DEBBG
|d NLE
|d EZC
|d GILDS
|d OCLCO
|d UKMGB
|d NJT
|d DLC
|d WaSeSS
|
| 042 |
|
|
|a pcc
|
| 043 |
|
|
|a n-us---
|
| 050 |
0 |
0 |
|a E151
|
| 082 |
0 |
4 |
|a 973
|
| 130 |
0 |
|
|a Journal of American studies (Online)
|
| 210 |
0 |
|
|a J. Am. stud.
|b (Online)
|
| 222 |
|
0 |
|a Journal of American studies
|b (Online)
|
| 245 |
1 |
0 |
|a Journal of American studies
|h [electronic resource].
|
| 260 |
|
|
|a Cambridge :
|b Cambridge University Press for the British Association for American Studies,
|c 1967-
|
| 310 |
|
|
|a 4 issues per year,
|b 2012-
|
| 321 |
|
|
|a Three times a year,
|b 1971-
|
| 321 |
|
|
|a Semiannual,
|b 1967-1970/1971
|
| 362 |
0 |
|
|a Vol. 1, no. 1 (Apr. 1967)-
|
| 500 |
|
|
|a Title from cover (JSTOR, viewed May 28, 2009).
|
| 506 |
|
|
|a License restrictions may limit access.
|
| 538 |
|
|
|a Mode of access: World Wide Web.
|
| 588 |
|
|
|a Latest issue consulted: Vol. 54, no. 1 (Feb. 2020) (Cambridge Core, viewed May 6, 2020).
|
| 650 |
|
0 |
|a American literature
|x History and criticism
|v Periodicals.
|
| 650 |
|
7 |
|a American literature.
|2 fast
|0 (OCoLC)fst00807113
|
| 650 |
|
7 |
|a Culture américaine.
|2 rasuqam
|
| 650 |
|
7 |
|a Histoire politique.
|2 rasuqam
|
| 650 |
|
7 |
|a Histoire sociale.
|2 rasuqam
|
| 650 |
1 |
7 |
|a Littérature américaine.
|2 rasuqam
|
| 650 |
|
7 |
|a Société
|2 rasuqam
|
| 651 |
|
0 |
|a United States
|x History
|v Periodicals.
|
| 651 |
|
7 |
|a United States.
|2 fast
|0 (OCoLC)fst01204155
|
| 651 |
|
7 |
|a États-Unis.
|2 rasuqam
|
| 655 |
|
0 |
|a Electronic journals.
|
| 710 |
2 |
|
|a British Association for American Studies.
|
| 776 |
0 |
8 |
|i Print version:
|t Journal of American studies
|x 0021-8758
|w (DLC) 77009488
|w (OCoLC)1799967
|
| 780 |
0 |
0 |
|a British Association for American Studies.
|t Bulletin
|w (DLC) 2009235450
|w (OCoLC)357892277
|
| 850 |
|
|
|a DLC
|
| 856 |
4 |
0 |
|z Full text available from Research Library: 04/01/2001 to 1 year ago
|u https://search.proquest.com/publication/48665
|